| 000 | 00000nam##2200000za#4500 |
| 001 | 9.700117 |
| 003 | CaOODSP |
| 005 | 20210625000705 |
| 007 | cr ||||||||||| |
| 008 | 150407|2015||||xxc|||||o f|0| 0 eng|d |
| 020 | |a978-1-100-25328-2 |
| 040 | |aCaOODSP|beng |
| 043 | |an-cn--- |
| 086 | 1 |aH34-278/1-2014E-PDF |
| 110 | 1 |aCanada. |bHealth Canada. |
| 245 | 10|aFirst Nations Mental Wellness Continuum Framework |h[electronic resource] |
| 260 | |aOttawa - Ontario : |bHealth Canada |cJanuary 2015. |
| 300 | |a64p.|bfigs., photographs |
| 590 | |a15-12|b2015-03-20 |
| 690 | 07|aIndigenous peoples|2gcpds |
| 690 | 07|aMental health|2gcpds |
| 775 | 08|tCadre du continuum du mieux-être mental des Premières Nations |w(CaOODSP)9.644022 |
| 776 | 0#|tFirst Nations mental wellness continuum framework |w(CaOODSP)9.630232 |
| 856 | 40|ahttp://publications.gc.ca|qPDF|s1.47 MB|uhttps://publications.gc.ca/collections/collection_2015/sc-hc/H34-278-1-2014-eng.pdf |
| 986 | |aPub.: 140358 |